| Tag |
First Indicator |
Second Indicator |
Subfields |
| LEADER |
00000cam a2200000 a 4500 |
| 001 |
in00002782725 |
| 005 |
20150922150817.0 |
| 008 |
840418s1985 dcuab b f000 0 eng |
| 010 |
|
|
|a 84600105
|
| 035 |
|
|
|a (OCoLC)ocm10753713
|
| 035 |
|
|
|a (OCoLC)10753713
|
| 040 |
|
|
|a DLC
|b eng
|c DLC
|d BTCTA
|d BOS
|d AST
|d GPM
|d GBVCP
|d UtOrBLW
|
| 043 |
|
|
|a n-us-ca
|a n-us-nv
|
| 049 |
|
|
|a TXAM
|
| 050 |
0 |
0 |
|a GB1021
|b .C58 1985
|
| 050 |
1 |
4 |
|a QE75.P9
|b F02 no. 712-F
|
| 082 |
0 |
0 |
|a 551.49/09794/87
|2 19
|
| 084 |
|
|
|a 13
|2 ssgn
|
| 084 |
|
|
|a 38.86
|2 bcl
|
| 086 |
0 |
|
|a I 19.16:712-F
|
| 100 |
1 |
|
|a Claassen, Hans C.
|
| 245 |
1 |
0 |
|a Sources and mechanisms of recharge for ground water in the west-central Amargosa Desert, Nevada--a geochemical interpretation /
|c by Hans C. Claassen ; prepared in cooperation with the U.S. Department of Energy.
|
| 264 |
|
1 |
|a Washington :
|b U.S. G.P.O. ;
|c 1985.
|
| 264 |
|
2 |
|a Alexandria, VA :
|b For sale by the Branch of Distribution, U.S. Geological Survey,
|
| 300 |
|
|
|a iii, 31 pages :
|b illustrations, maps ;
|c 29 cm.
|
| 336 |
|
|
|a text
|b txt
|2 rdacontent
|
| 337 |
|
|
|a unmediated
|b n
|2 rdamedia
|
| 338 |
|
|
|a volume
|b nc
|2 rdacarrier
|
| 490 |
1 |
|
|a U.S. Geological Survey professional paper ;
|v 712-F
|
| 504 |
|
|
|a Bibliography: p. F30-F31.
|
| 650 |
|
0 |
|a Groundwater recharge
|z Amargosa Desert (Nev. and Calif.)
|
| 650 |
|
0 |
|a Geochemistry
|z Amargosa Desert (Nev. and Calif.)
|
| 710 |
1 |
|
|a United States.
|b Department of Energy.
|
| 710 |
2 |
|
|a Geological Survey (U.S.)
|
| 830 |
|
0 |
|a Geological Survey professional paper ;
|v 712-F.
|
| 948 |
|
|
|a cataloged
|b h
|c 2012/11/27
|d c
|e mvaldespin
|f 10:17:53 am
|
| 994 |
|
|
|a C0
|b TXA
|
| 999 |
|
|
|a MARS
|
| 999 |
f |
f |
|s 17ca79b3-94af-322b-af94-24ef11d376dc
|i 96d079c7-82a2-3c16-add8-90377b048d51
|t 0
|
| 952 |
f |
f |
|p normal
|a Texas A&M University
|b College Station
|c Sterling C. Evans Library
|d Evans: US Documents (Annex 5th floor)
|t 0
|e I 19.16:712-F
|h Superintendent of Documents classification
|i unmediated -- volume
|m A14839369454
|
| 998 |
f |
f |
|a I 19.16:712-F
|t 0
|l Evans: US Documents (Annex 5th floor)
|